LEADER 02658nam 2200613 a 450 001 9910461624503321 005 20200520144314.0 010 $a1-84973-275-2 035 $a(CKB)2670000000096417 035 $a(EBL)1185170 035 $a(OCoLC)730289308 035 $a(SSID)ssj0000578382 035 $a(PQKBManifestationID)12198039 035 $a(PQKBTitleCode)TC0000578382 035 $a(PQKBWorkID)10577999 035 $a(PQKB)11469595 035 $a(MiAaPQ)EBC1185170 035 $a(PPN)198470258 035 $a(Au-PeEL)EBL1185170 035 $a(CaPaEBR)ebr10627633 035 $a(CaONFJC)MIL872272 035 $a(EXLCZ)992670000000096417 100 $a20121208d2011 uy 0 101 0 $aeng 135 $aur|n|---||||| 181 $ctxt 182 $cc 183 $acr 200 00$aAnimal models for neurodegenerative disease$b[electronic resource] /$fedited by Jesu?s Avila, Jose J. Lucas and Fe?lix Herna?ndez 210 $aCambridge [England] $cRSC Pub.$d2011 215 $a1 online resource (307 p.) 225 0$aRSC drug discovery series,$x2041-3203 ;$v6 300 $aDescription based upon print version of record. 311 $a1-84973-184-5 320 $aIncludes bibliographical references and index. 327 $ai-iv; v-viii; ix-xvi; 1-14; 15-38; 39-51; 52-68; 69-85; 86-112; 113-161; 162-176; 177-213; 214-229; 230-250; 251-273; 274-283; 284-290 330 $aIn recent years, medical developments have resulted in an increase in human life expectancy. Some developed countries now have a larger population of individuals aged over 64 than those under 14. One consequence of the ageing population is a higher incidence of certain neurodegenerative disorders. In order to prevent these, we need to learn more about them. This book provides up-to-date information on the use of transgenic mouse models in the study of neurodegenerative disorders such as Alzheimer's and Huntington's disease. By reproducing some of the pathological aspects of the diseases, these 410 0$aRSC Drug Discovery 606 $aNervous system$xDegeneration 606 $aNervous system$xDegeneration$xAnimal models 608 $aElectronic books. 615 0$aNervous system$xDegeneration. 615 0$aNervous system$xDegeneration$xAnimal models. 676 $a616.83 701 $aAvila$b Jesu?s$0994576 701 $aLucas$b Jose? J$0994577 701 $aHerna?ndez$b Fe?lix$0994578 801 0$bMiAaPQ 801 1$bMiAaPQ 801 2$bMiAaPQ 906 $aBOOK 912 $a9910461624503321 996 $aAnimal models for neurodegenerative disease$92277644 997 $aUNINA LEADER 01828oam 2200493M 450 001 9910716206603321 005 20200213070534.5 035 $a(CKB)5470000002520064 035 $a(OCoLC)1065846372 035 $a(OCoLC)995470000002520064 035 $a(EXLCZ)995470000002520064 100 $a20071213d1926 ua 0 101 0 $aeng 135 $aurcn||||||||| 181 $ctxt$2rdacontent 182 $cc$2rdamedia 183 $acr$2rdacarrier 200 10$aBridge across the Ohio River near Steubenville, Ohio. April 1, 1926. -- Referred to the House Calendar and ordered to be printed 210 1$a[Washington, D.C.] :$c[U.S. Government Printing Office],$d1926. 215 $a1 online resource (2 pages) 225 1 $aHouse report / 69th Congress, 1st session. House ;$vno. 764 225 1 $a[United States congressional serial set ] ;$v[serial no. 8532] 300 $aBatch processed record: Metadata reviewed, not verified. Some fields updated by batch processes. 300 $aFDLP item number not assigned. 606 $aBridge construction industry 606 $aBridges$xDesign and construction 606 $aBridges 606 $aLegislative amendments 606 $aToll bridges 608 $aLegislative materials.$2lcgft 615 0$aBridge construction industry. 615 0$aBridges$xDesign and construction. 615 0$aBridges. 615 0$aLegislative amendments. 615 0$aToll bridges. 701 $aCooper$b John Gordon$f1872-1955$pRepublican (OH)$01389183 801 0$bWYU 801 1$bWYU 801 2$bOCLCO 801 2$bOCLCQ 906 $aBOOK 912 $a9910716206603321 996 $aBridge across the Ohio River near Steubenville, Ohio. April 1, 1926. -- Referred to the House Calendar and ordered to be printed$93505378 997 $aUNINA